မိုးဗြဲ / (Record no. 27383)

000 -LEADER
fixed length control field 00945nam a22001937a 4500
005 - DATE AND TIME OF LATEST TRANSACTION
control field 20260127154341.0
008 - FIXED-LENGTH DATA ELEMENTS--GENERAL INFORMATION
fixed length control field 230721b ||||| |||| 00| 0 eng d
040 ## - CATALOGING SOURCE
Transcribing agency SSBUL
Modifying agency SSBUL
082 ## - DEWEY DECIMAL CLASSIFICATION NUMBER
Edition number 23
Classification number ၆၂၇.၈၀၀၉၅၉၁ ဗ ၁၆၀၅၂ (S-SAT)
100 ## - MAIN ENTRY--PERSONAL NAME
Personal name ဗထွေး၊
Titles and words associated with a name သိပ္ပံ။
9 (RLIN) 28213
245 ## - TITLE STATEMENT
Title မိုးဗြဲ /
Statement of responsibility, etc. သိပ္ပံဗထွေး။
260 ## - PUBLICATION, DISTRIBUTION, ETC.
Place of publication, distribution, etc. ရန်ကုန်၊
Name of publisher, distributor, etc. စာပေဗိမာန်၊
Date of publication, distribution, etc. ၁၉၇၅။
300 ## - PHYSICAL DESCRIPTION
Extent ၁၂၇ စာမျက်နှာ၊
Other physical details ဓာတ်ပုံများ၊
Dimensions ၁၇ စင်တီ။
440 ## - SERIES STATEMENT/ADDED ENTRY--TITLE
Title စာပေဗိမာန်ထုတ် ပြည်သူ့လက်စွဲစာစဉ်။
9 (RLIN) 27865
500 ## - GENERAL NOTE
General note S-SAT: Dr. Prof Sai Aung Tun
650 ## - SUBJECT ADDED ENTRY--TOPICAL TERM
Topical term or geographic name entry element မိုးဗြဲဆည်
Geographic subdivision မြန်မာနိုင်ငံ။
9 (RLIN) 28214
Topical term or geographic name entry element ဆည်များ။
9 (RLIN) 28215
942 ## - ADDED ENTRY ELEMENTS (KOHA)
Source of classification or shelving scheme
Koha item type Book (Short term)
Holdings
Withdrawn status Lost status Source of classification or shelving scheme Damaged status Not for loan Collection code Permanent Location Current Location Shelving location Date acquired Total Checkouts Full call number Barcode Date last seen Price effective from Koha item type Accession
          Special Collections Shan State Buddhist University Library Shan State Buddhist University Library Special Collection Shelves 21/07/2023   ၆၂၇.၈၀၀၉၅၉၁ ဗ ၁၆၀၅၂ (S-SAT) MB00016052 21/07/2023 21/07/2023 Book (Short term) ၁၆၀၅၂ (S-SAT)

Library - 09407999929
Admin Office - 09407999979
Dean Office - 09250910768
Registrar Office - 09892297154
Email - [email protected]
Shan State Buddhist University, Phaya Phyu Taunggyi, Shan State, Myanmar.